Elements of Electronics (Record no. 10364)

MARC details
000 -LEADER
fixed length control field 00440nam a2200181Ia 4500
008 - FIXED-LENGTH DATA ELEMENTS--GENERAL INFORMATION
fixed length control field 230524s9999 xx 000 0 und d
020 ## - INTERNATIONAL STANDARD BOOK NUMBER
ISBN 8121920940
082 ## - DEWEY DECIMAL CLASSIFICATION NUMBER
Classification number 621.381
Item number BAG
100 ## - MAIN ENTRY--AUTHOR NAME
Personal name M.K.Bagde
245 #0 - TITLE STATEMENT
Title Elements of Electronics
250 ## - EDITION STATEMENT
Edition statement 5TH
260 ## - PUBLICATION, DISTRIBUTION, ETC. (IMPRINT)
Place of publication NEW DELHI
Name of publisher S.Chand
Year of publication 2002
300 ## - PHYSICAL DESCRIPTION
Number of Pages 354
500 ## - GENERAL NOTE
General note Quantity Number: 2
650 ## - SUBJECT ADDED ENTRY--TOPICAL TERM
Topical Term Electronics
700 ## - ADDED ENTRY--PERSONAL NAME
Personal name " S.P.Singh , Kamal Singh,,,"
942 ## - ADDED ENTRY ELEMENTS (KOHA)
Koha item type Books
Holdings
Lost status Damaged status Permanent Location Current Location Shelving location Date acquired Full call number Accession Number Koha item type
    Central Library, Trident Academy of Technology Central Library, Trident Academy of Technology General Stacks 05/24/2023 621.381 BAG 7470 Books
    Central Library, Trident Academy of Technology Central Library, Trident Academy of Technology General Stacks 05/24/2023 621.381 BAG 7471 Books
Trident Academy of Technology © 2023.
All rights reserved.                                                                                                                                                                                                        Designed by Team of Central Library .

Powered by Koha